000 00937cam a2200277 a 4500
005 20260322212022.0
008 data
010 _a 81824284
020 _a0913590886
020 _a0030615526 (Holt, Rinehart and Winston) :
_c{dollar}13.50
020 _a9780030615528 (Holt, Rinehart and Winston) :
_c{dollar}13.50
020 _a9780913590881
040 _aDLC
_cDLC
_dOCoLC
_dOCoLC
050 0 0 _aBF575.L8
_bB84 1982
082 0 0 _a158
_219
092 _a158.19 B84 1982
245 0 0 _aLiving, loving & learning /
_cedited by Leo F. Buscaglia & Steven Short.
260 _aNew York, N.Y. :
_bDistributed by Holt, Rinehart and Winston,
_aNew York, N.Y. :
_bDistributed by Holt, Rinehart and Winston,
_cc1982.
300 _axiii, 264 p. :
_bill. ;
_c24 cm.
650 0 _aLove.
650 0 _aSelf-actualization (Psychology)
650 0 _aInterpersonal relations.
700 1 _aBuscaglia, Leo F.
700 1 _aShort, Steven.
001 data
999 _c502
_d502